[Event "TUR-chT2"]
[Site "Konya"]
[Date "2018.07.14"]
[Round "7.13"]
[White "Toker, Kenan"]
[Black "Erdem, Huseyin Varol"]
[Result "1-0"]
[WhiteElo "1647"]
[BlackElo "1665"]
[PlyCount "163"]
[EventDate "2018.07.10"]
[EventType "team-swiss"]
[EventRounds "9"]
[EventCountry "TUR"]
[SourceTitle "EXT 2019"]
[Source "ChessBase"]
[SourceDate "2018.10.10"]
[SourceVersion "1"]
[SourceVersionDate "2018.10.10"]
[SourceQuality "1"]
[WhiteTeam "Samsun Genclik"]
[BlackTeam "Duzce Belediye Genclik"]
[WhiteTeamCountry "TUR"]
[BlackTeamCountry "TUR"]

1. d4 Nf6 2. Nc3 d5 3. Bg5 Bf5 4. e3 e6 5. Nf3 h6 6. Bh4 Be7 7. Bg3 c6 8. Bd3 Ne4 9. Ne2 Nd7 10. c3 0-0 11. Qc2 c5 12. Nd2 Nxg3 13. hxg3 Bxd3 14. Qxd3 c4 15. Qc2 Nf6 16. Nf4 Bd6 17. 0-0-0 b5 18. Nh5 a5 19. Nxf6+ Qxf6 20. f4 b4 21. Nf3 bxc3 22. bxc3 Rab8 23. Kd2 Rb7 24. Rb1 Rfb8 25. g4 Qg6 26. Qxg6 fxg6 27. Rxb7 Rxb7 28. Kc2 Kf7 29. g5 h5 30. Rb1 Rxb1 31. Kxb1 a4 32. Ne5+ Ke7 33. Nxg6+ Kf7 34. Ne5+ Bxe5 35. dxe5 a3 36. Kc2 Kg6 37. Kd2 Kf5 38. Ke1 Ke4 39. Ke2 h4 40. Kd2 Kf5 41. Ke1 Kg4 42. Kf1 d4 43. cxd4 c3 44. Ke2 c2 45. Kd2 c1Q+ 46. Kxc1 Kg3 47. d5 Kxg2 48. dxe6 h3 49. e7 h2 50. e8Q h1Q+ 51. Kd2 Kf2 52. e6 Qe1+ 53. Kc2 Qe2+ 54. Kb3 Qb2+ 55. Ka4 Qxa2 56. Qe7 Qc4+ 57. Kxa3 Qa6+ 58. Kb2 Qb6+ 59. Kc3 Qc6+ 60. Kd4 Qa4+ 61. Kd5 Qb3+ 62. Kc6 Qc4+ 63. Kd7 Qb5+ 64. Kc7 Qa5+ 65. Kc6 Qa6+ 66. Kd5 Qd3+ 67. Ke5 Qb5+ 68. Ke4 Qc4+ 69. Ke5 Qb5+ 70. Kd4 Qa4+ 71. Kc3 Qa1+ 72. Kc4 Qa4+ 73. Qb4 Qc6+ 74. Kd3 Qd5+ 75. Qd4 Qb3+ 76. Ke4 Qxe6+ 77. Qe5 Qc4+ 78. Kf5 Qd3+ 79. e4 Kf3 80. Kg6 Qd7 81. Qxg7 Qe6+ 82. Qf6 1-0

[Event "TUR-chT2"]
[Site "Konya"]
[Date "2018.07.13"]
[Round "6.11"]
[White "Erdem, Huseyin Varol"]
[Black "Camdereli, Gunduz"]
[Result "0-1"]
[WhiteElo "1665"]
[BlackElo "1662"]
[PlyCount "64"]
[EventDate "2018.07.10"]
[EventType "team-swiss"]
[EventRounds "9"]
[EventCountry "TUR"]
[SourceTitle "EXT 2019"]
[Source "ChessBase"]
[SourceDate "2018.10.10"]
[SourceVersion "1"]
[SourceVersionDate "2018.10.10"]
[SourceQuality "1"]
[WhiteTeam "Duzce Belediye Genclik"]
[BlackTeam "Bursa Uludag"]
[WhiteTeamCountry "TUR"]
[BlackTeamCountry "TUR"]

1. e4 e5 2. Nf3 Nc6 3. d4 exd4 4. Bc4 Bc5 5. c3 Nf6 6. cxd4 Bb4+ 7. Bd2 Bxd2+ 8. Nbxd2 d5 9. Bb5 dxe4 10. Ne5 0-0 11. Nxc6 bxc6 12. Bxc6 Rb8 13. Nc4 Be6 14. b3 Bxc4 15. bxc4 Qd6 16. Bb5 Rfd8 17. 0-0 Qxd4 18. Qe2 h5 19. h3 Qd2 20. Rfe1 Rd4 21. f3 a6 22. Bxa6 Rb2 23. Qxd2 Rdxd2 24. fxe4 Rxg2+ 25. Kh1 h4 26. Rab1 Rh2+ 27. Kg1 Rbg2+ 28. Kf1 Nh5 29. Re3 Ng3+ 30. Rxg3 hxg3 31. Rb8+ Kh7 32. Bc8 Rxa2 0-1

[Event "Manavgat Turkey Cup"]
[Site "Manavgat"]
[Date "2015.02.06"]
[Round "10"]
[White "Erdem, Huseyin Varol"]
[Black "Demir, Halil Ibrahim"]
[Result "1-0"]
[WhiteElo "1601"]
[BlackElo "1531"]
[PlyCount "59"]
[EventDate "2015.01.31"]
[EventType "swiss"]
[EventRounds "11"]
[EventCountry "TUR"]
[SourceTitle "CBM 164 Extra"]
[Source "ChessBase"]
[SourceDate "2015.03.02"]
[SourceVersion "1"]
[SourceVersionDate "2015.03.02"]
[SourceQuality "1"]

1. e4 c5 2. Nf3 Nc6 3. d4 cxd4 4. Nxd4 e5 5. Nb5 a6 6. Nd6+ Bxd6 7. Qxd6 Qe7 8. Qxe7+ Ngxe7 9. c3 0-0 10. Bc4 b5 11. Bb3 Bb7 12. Bg5 Ng6 13. Nd2 h6 14. Be3 Na5 15. Bc2 d5 16. exd5 Bxd5 17. 0-0 Nh4 18. f3 Nc4 19. Nxc4 Bxc4 20. Rfe1 Ng6 21. Be4 Rad8 22. Bb6 Rd2 23. b3 Bd3 24. Be3 Bxe4 25. Bxd2 Bd3 26. Re3 Rd8 27. Be1 f5 28. Rd1 e4 29. fxe4 fxe4 30. Rxe4 1-0

[Event "Manavgat Turkey Cup"]
[Site "Manavgat"]
[Date "2015.02.05"]
[Round "9"]
[White "Elalmis, Husamettin"]
[Black "Erdem, Huseyin Varol"]
[Result "1-0"]
[WhiteElo "1773"]
[BlackElo "1601"]
[PlyCount "72"]
[EventDate "2015.01.31"]
[EventType "swiss"]
[EventRounds "11"]
[EventCountry "TUR"]
[SourceTitle "CBM 164 Extra"]
[Source "ChessBase"]
[SourceDate "2015.03.02"]
[SourceVersion "1"]
[SourceVersionDate "2015.03.02"]
[SourceQuality "1"]

1. e4 d5 2. exd5 Qxd5 3. Nc3 Qd6 4. Nf3 c6 5. Be2 Bg4 6. Ne4 Qc7 7. 0-0 Nd7 8. d3 Bxf3 9. Bxf3 Ngf6 10. g3 0-0-0 11. Qe2 Nxe4 12. Bxe4 g6 13. b4 Bg7 14. Rb1 f5 15. Bg2 e5 16. a4 f4 17. a5 h5 18. b5 c5 19. b6 axb6 20. axb6 Nxb6 21. Bd2 fxg3 22. hxg3 Rd6 23. Ba5 Rf8 24. Rb3 c4 25. dxc4 e4 26. Qxe4 Bd4 27. Kh2 h4 28. c5 hxg3+ 29. fxg3 Rh8+ 30. Bh3+ Rxh3+ 31. Kxh3 Qd7+ 32. Qg4 Qxg4+ 33. Kxg4 Bxc5 34. Bxb6 Bxb6 35. Rfb1 Rd8 36. Rxb6 Rd4+ 1-0

[Event "Manavgat Turkey Cup"]
[Site "Manavgat"]
[Date "2015.02.03"]
[Round "5"]
[White "Erke, Mustafa Yigit"]
[Black "Erdem, Huseyin Varol"]
[Result "1/2-1/2"]
[WhiteElo "1805"]
[BlackElo "1601"]
[PlyCount "117"]
[EventDate "2015.01.31"]
[EventType "swiss"]
[EventRounds "11"]
[EventCountry "TUR"]
[SourceTitle "CBM 164 Extra"]
[Source "ChessBase"]
[SourceDate "2015.03.02"]
[SourceVersion "1"]
[SourceVersionDate "2015.03.02"]
[SourceQuality "1"]

1. e4 d5 2. exd5 Qxd5 3. Nc3 Qd6 4. Nf3 c6 5. d4 Bg4 6. Bc4 Bxf3 7. Qxf3 Nf6 8. Be3 Nbd7 9. 0-0-0 e6 10. Rhe1 0-0-0 11. a3 Qc7 12. Bf4 Bd6 13. Bxd6 Qxd6 14. Qg3 Qxg3 15. hxg3 Nb6 16. Be2 Nbd5 17. Nxd5 exd5 18. Bf3 Rhe8 19. Kd2 Kd7 20. Re5 Kd6 21. Rde1 Re6 22. Kd3 Rde8 23. Rxe6+ Rxe6 24. Rxe6+ Kxe6 25. c4 dxc4+ 26. Kxc4 Kd6 27. a4 a5 28. b4 axb4 29. Kxb4 Nd5+ 30. Kc4 Nb6+ 31. Kb3 f5 32. a5 Nd5 33. Kc4 Nf6 34. Kd3 g5 35. Ke3 Nd5+ 36. Kd3 Nf6 37. Bd1 Ne4 38. Ke3 Nc3 39. Bc2 Nd5+ 40. Kd2 Ne7 41. g4 fxg4 42. Bxh7 c5 43. Be4 Nc6 44. dxc5+ Kxc5 45. Bf5 Nxa5 46. Bxg4 Kd4 47. Ke2 Nc4 48. Bd7 Ne5 49. Be8 b6 50. f3 Nc4 51. Kf2 Nd6 52. Bd7 b5 53. Kg3 Ke5 54. Kg4 Kf6 55. Kh5 b4 56. Ba4 Nf5 57. Kg4 Nd4 58. f4 gxf4 59. Kxf4 1/2-1/2

[Event "Manavgat Turkey Cup"]
[Site "Manavgat"]
[Date "2015.02.02"]
[Round "4"]
[White "Erdem, Huseyin Varol"]
[Black "Gulden, Egemen"]
[Result "1-0"]
[WhiteElo "1601"]
[BlackElo "1800"]
[PlyCount "104"]
[EventDate "2015.01.31"]
[EventType "swiss"]
[EventRounds "11"]
[EventCountry "TUR"]
[SourceTitle "CBM 164 Extra"]
[Source "ChessBase"]
[SourceDate "2015.03.02"]
[SourceVersion "1"]
[SourceVersionDate "2015.03.02"]
[SourceQuality "1"]

1. Nf3 d5 2. g3 c6 3. Bg2 e6 4. d3 Nf6 5. 0-0 Bd6 6. Nbd2 h6 7. e4 Qc7 8. Re1 Nbd7 9. b3 0-0 10. Bb2 e5 11. d4 dxe4 12. dxe5 Nxe5 13. Nxe5 Bxe5 14. Bxe5 Qxe5 15. Nxe4 Nxe4 16. Bxe4 Qc7 17. Qh5 Be6 18. Bd3 Rae8 19. Re2 Qd7 20. Rd2 Qc8 21. f3 b6 22. Rad1 Qc7 23. f4 Qe7 24. Re2 Qf6 25. Qe5 Qxe5 26. Rxe5 f6 27. Rxe6 Rxe6 28. Bc4 Rfe8 29. f5 Kf7 30. Rd7+ R8e7 31. Rxe7+ Kxe7 32. Bxe6 Kd6 33. Kf2 Kc5 34. c3 b5 35. Ke3 a5 36. Ke4 b4 37. c4 Kd6 38. Kd4 c5+ 39. Ke4 Kc6 40. Kf4 Kd6 41. Bd5 Ke7 42. Kg4 Kd6 43. Kf3 Kc7 44. Ke3 Kd6 45. Ke4 Kd7 46. Bb7 Kc7 47. Ba6 Kd6 48. Bb5 Kc7 49. Kd5 Kb6 50. Kd6 h5 51. h4 a4 52. Bxa4 Ka6 1-0

[Event "Manavgat Turkey Cup"]
[Site "Manavgat"]
[Date "2015.02.01"]
[Round "3"]
[White "Kuruz, Yusuf"]
[Black "Erdem, Huseyin Varol"]
[Result "1/2-1/2"]
[WhiteElo "1924"]
[BlackElo "1601"]
[PlyCount "94"]
[EventDate "2015.01.31"]
[EventType "swiss"]
[EventRounds "11"]
[EventCountry "TUR"]
[SourceTitle "CBM 164 Extra"]
[Source "ChessBase"]
[SourceDate "2015.03.02"]
[SourceVersion "1"]
[SourceVersionDate "2015.03.02"]
[SourceQuality "1"]

1. e4 d5 2. exd5 Qxd5 3. Qf3 Qxf3 4. Nxf3 Bf5 5. Bb5+ c6 6. Ba4 Nd7 7. d4 Ngf6 8. c4 e6 9. a3 Bd6 10. Be3 0-0 11. Nbd2 h6 12. 0-0 Ng4 13. Rfe1 Ndf6 14. Rac1 Nxe3 15. fxe3 Ne4 16. Bc2 Nxd2 17. Nxd2 Bxc2 18. Rxc2 Rad8 19. Ne4 Be7 20. Nc3 Rd7 21. Rd1 Rfd8 22. Rcd2 Kf8 23. Kf2 Ke8 24. Ke2 Bd6 25. g3 Be7 26. e4 c5 27. d5 Bf6 28. Kd3 Bxc3 29. Kxc3 Ke7 30. b4 b6 31. bxc5 bxc5 32. Rb1 f5 33. Re1 Kf8 34. exf5 exd5 35. cxd5 Rxd5 36. Rxd5 Rxd5 37. g4 Rd4 38. h3 h5 39. Re5 hxg4 40. Rxc5 Rf4 41. hxg4 Rxg4 42. Rc7 a5 43. Ra7 a4 44. Rb7 Rg3+ 45. Kb2 Rg2+ 46. Kc3 Rg3+ 47. Kb2 Rg2+ 1/2-1/2

[Event "TUR-ch"]
[Site "Antalya"]
[Date "2013.02.03"]
[Round "2"]
[White "Yildirim, Mehmet Salih"]
[Black "Erdem, Huseyin Varol"]
[Result "0-1"]
[WhiteElo "1872"]
[BlackElo "1480"]
[PlyCount "80"]
[EventDate "2013.02.02"]
[EventType "swiss"]
[EventRounds "11"]
[EventCountry "TUR"]
[SourceTitle "CBM 152 Extra"]
[Source "ChessBase"]
[SourceDate "2013.02.25"]
[SourceVersion "1"]
[SourceVersionDate "2013.02.25"]
[SourceQuality "1"]

1. d4 Nf6 2. c4 g6 3. Nc3 Bg7 4. e4 d6 5. Nf3 0-0 6. h3 e5 7. Be3 Nbd7 8. Bd3 a5 9. Qd2 exd4 10. Nxd4 Ne5 11. Be2 Bd7 12. Rd1 Re8 13. 0-0 Nc6 14. Bd3 Qc8 15. Nxc6 bxc6 16. f3 Be6 17. b3 h5 18. Ne2 Nh7 19. Bd4 Bf8 20. Ba1 f6 21. Qc3 Bg7 22. Nf4 Bf7 23. Bc2 Ng5 24. e5 f5 25. Nd3 dxe5 26. h4 Ne6 27. Nxe5 Nd4 28. Qxd4 Bxe5 29. Qd2 Bxa1 30. Rxa1 Qd8 31. Qf4 Qd6 32. Qg5 Qc5+ 33. Kh1 Rad8 34. Rad1 Rxd1 35. Rxd1 Qf2 36. Bd3 Re1+ 37. Rxe1 Qxe1+ 38. Kh2 Qe5+ 39. Qg3 Qd6 40. Bb1 f4 0-1

[Event "TUR-ch"]
[Site "Kemer"]
[Date "2012.01.30"]
[Round "3"]
[White "Erdem, Huseyin Varol"]
[Black "Yildiz, Huseyin Ertugrul"]
[Result "0-1"]
[WhiteElo "1439"]
[BlackElo "1887"]
[PlyCount "90"]
[EventDate "2012.01.29"]
[EventType "swiss"]
[EventRounds "10"]
[EventCountry "TUR"]
[SourceTitle "CBM 146 Extra"]
[Source "ChessBase"]
[SourceDate "2012.02.29"]
[SourceVersion "1"]
[SourceVersionDate "2012.02.29"]
[SourceQuality "1"]

1. Nf3 Nf6 2. g3 g6 3. Bg2 Bg7 4. d3 0-0 5. 0-0 d6 6. Nbd2 c5 7. c4 Nc6 8. Kh1 Bd7 9. Ng1 a5 10. Ndf3 a4 11. Bd2 a3 12. Bc3 Qc7 13. b3 Rfe8 14. Rb1 e6 15. Ne1 d5 16. Ngf3 d4 17. Bd2 e5 18. Ng5 e4 19. Bf4 Qd8 20. Nxe4 Nxe4 21. Bxe4 Rxe4 22. dxe4 g5 23. Nd3 Qe7 24. Bxg5 Qxg5 25. Qc1 Qxc1 26. Rbxc1 Bh6 27. Rc2 b6 28. Kg2 Re8 29. f3 f5 30. e5 Be3 31. f4 Re6 32. h4 Nb4 33. Nxb4 cxb4 34. c5 b5 35. c6 Rxc6 36. Rxc6 Bxc6+ 37. Kh3 h5 38. Rd1 Kf7 39. Kh2 Ke6 40. Kh3 Bd5 41. Rd3 Bc4 42. Kh2 Kd5 43. Kg2 Ke6 44. Kf1 Bd5 45. Ke1 Be4 0-1